Vocabulari de psicoanàlisi (Registre núm. 51390)

MARC details
000 -LEADER
campo de control de longitud fija 01103aam a2200409a 44500
008 - DATOS DE LONGITUD FIJA--INFORMACIÓN GENERAL
campo de control de longitud fija 931029s1993 cat
017 ## - NÚMERO DE COPYRIGHT O DE DEPÓSITO LEGAL
Número de copyright o de depósito legal L-1615-1992
020 ## - NÚMERO INTERNACIONAL ESTÁNDAR DEL LIBRO
Número Internacional Estándar del Libro 8447700771
041 ## - CÓDIGO DE IDIOMA
Código de lengua del texto/banda sonora o título independiente cat
041 ## - CÓDIGO DE IDIOMA
Llengües tractades eng
041 ## - CÓDIGO DE IDIOMA
Llengües tractades spa
080 ## - NÚMERO DE LA CLASIFICACIÓN DECIMAL UNIVERSAL
Número de la Clasificación Decimal Universal 159.964.2(038)
100 ## - ENTRADA PRINCIPAL--NOMBRE DE PERSONA
Nombre de persona Callicó i Cantalejo, Glòria
9 (RLIN) 61461
245 ## - MENCIÓN DEL TÍTULO
Título Vocabulari de psicoanàlisi
245 ## - MENCIÓN DEL TÍTULO
Mención de responsabilidad, etc. Glòria Callicó i Cantalejo
260 ## - PUBLICACIÓN, DISTRIBUCIÓN, ETC.
Lugar de publicación, distribución, etc. Barcelona
260 ## - PUBLICACIÓN, DISTRIBUCIÓN, ETC.
Nombre del editor, distribuidor, etc. Promociones y Publicaciones Universitarias
260 ## - PUBLICACIÓN, DISTRIBUCIÓN, ETC.
Fecha de publicación, distribución, etc. 1993
300 ## - DESCRIPCIÓN FÍSICA
Extensión 164 p.
Dimensiones 24 cm.
490 ## - MENCIÓN DE SERIE
Mención de serie Letras, Ciencias, Técnica;
Designación de volumen o secuencia 59
500 ## - NOTA GENERAL
Nota general Arbre de camp, categoria gramatical, sinònims
500 ## - NOTA GENERAL
Nota general Índexs: p. 114. Bibliografia: p. 163-164
500 ## - NOTA GENERAL
Publicació TERMCAT termcat
520 ## - RESUMEN, ETC.
Nombre de termes 404
546 ## - NOTA DE IDIOMA
Llengua de les definicions català
591 ## - Codi de font
Codi de font 3873
592 ## - Tipus obra
Tipus d'obra Obra terminològica
593 ## - Codi CGAT
Codi de la CGAT RA
594 ## - Número de document
Número de document 3873
650 ## - PUNTO DE ACCESO ADICIONAL DE MATERIA--TÉRMINO DE MATERIA
Término de materia o nombre geográfico como elemento de entrada psicoanàlisi
9 (RLIN) 61463
830 ## - PUNTO DE ACCESO ADICIONAL DE SERIE-TÍTULO UNIFORME
Título uniforme Letras, Ciencias, Técnica;
Designación de volumen o secuencia 59
9 (RLIN) 61462
901 ## - ELEMENTOS DE DATOS A LOCAL LDA (RLIN)
c <1993>
902 ## - ELEMENTOS DE DATOS B LOCAL, LDB (RLIN)
a 931029
942 ## - ELEMENTOS DE ENTRADA SECUNDARIOS (KOHA)
Tipo de ítem Koha Monografia
Suprimir en OPAC No
Fons
Estatus retirado Estado de pérdida Estado de daño No para préstamo Biblioteca de origen Biblioteca actual Fecha de adquisición Total de préstamos Signatura topográfica completa Código de barras Visto por última vez Precio de reemplazo Tipo de ítem Koha
        TERMCAT TERMCAT 29/10/1993   RB 1 00438 30/09/2021 30/09/2021 MO